| 000 -LEADER |
| fixed length control field |
03280nam a22008057a 4500 |
| 001 - CONTROL NUMBER |
| control field |
4883409 |
| 003 - CONTROL NUMBER IDENTIFIER |
| control field |
LIBRIS |
| 005 - DATE AND TIME OF LATEST TRANSACTION |
| control field |
20241030090832.0 |
| 008 - FIXED-LENGTH DATA ELEMENTS--GENERAL INFORMATION |
| fixed length control field |
011211s1997 xxu|||||||||||001 0|eng|c |
| 020 ## - INTERNATIONAL STANDARD BOOK NUMBER |
| International Standard Book Number |
0393318486 |
| Qualifying information |
hft. |
| 020 ## - INTERNATIONAL STANDARD BOOK NUMBER |
| International Standard Book Number |
0393045358 |
| 020 ## - INTERNATIONAL STANDARD BOOK NUMBER |
| Canceled/invalid ISBN |
0393045458 |
| 040 ## - CATALOGING SOURCE |
| Original cataloging agency |
eng |
| Description conventions |
a |
| Language of cataloging |
eng |
| Transcribing agency |
DLC |
| 041 ## - LANGUAGE CODE |
| Language code of text/sound track or separate title |
eng |
| 080 ## - UNIVERSAL DECIMAL CLASSIFICATION NUMBER |
| Universal Decimal Classification number |
15 |
| Item number |
P-65 |
| 082 04 - DEWEY DECIMAL CLASSIFICATION NUMBER |
| Classification number |
153 |
| Edition number |
22 |
| 084 ## - OTHER CLASSIFICATION NUMBER |
| Classification number |
Doe |
| Number source |
kssb/6 |
| 084 ## - OTHER CLASSIFICATION NUMBER |
| Classification number |
Dod |
| Number source |
kssb/6 |
| 084 ## - OTHER CLASSIFICATION NUMBER |
| Classification number |
Doe |
| Number source |
kssb/6 |
| 084 ## - OTHER CLASSIFICATION NUMBER |
| Classification number |
Dod |
| Number source |
kssb/6 |
| 084 ## - OTHER CLASSIFICATION NUMBER |
| Classification number |
Doe |
| Number source |
kssb/6 |
| 100 1# - MAIN ENTRY--PERSONAL NAME |
| Personal name |
Pinker, Steven |
| 245 00 - TITLE STATEMENT |
| Title |
How the mind works / |
| Statement of responsibility, etc. |
Steven Pinker. |
| 260 ## - PUBLICATION, DISTRIBUTION, ETC. |
| Place of publication, distribution, etc. |
New York, N.Y. |
| Name of publisher, distributor, etc. |
Norton, |
| Date of publication, distribution, etc. |
cop. 1997 |
| 300 ## - PHYSICAL DESCRIPTION |
| Extent |
xii, 660 s. |
| Other physical details |
ill. |
| 650 #7 - SUBJECT ADDED ENTRY--TOPICAL TERM |
| Topical term or geographic name entry element |
Kognitiv psykologi |
| Authority record control number or standard number |
https://id.kb.se/term/sao/Kognitiv%20psykologi |
| Source of heading or term |
sao |
| 650 #0 - SUBJECT ADDED ENTRY--TOPICAL TERM |
| Topical term or geographic name entry element |
Psychology |
| 9 (RLIN) |
134 |
| 650 #7 - SUBJECT ADDED ENTRY--TOPICAL TERM |
| Topical term or geographic name entry element |
Neuropsykologi |
| Authority record control number or standard number |
https://id.kb.se/term/sao/Neuropsykologi |
| Source of heading or term |
sao |
| 650 #0 - SUBJECT ADDED ENTRY--TOPICAL TERM |
| Topical term or geographic name entry element |
Cognitive neuroscience |
| 650 #0 - SUBJECT ADDED ENTRY--TOPICAL TERM |
| Topical term or geographic name entry element |
Neuropsychology |
| 650 #0 - SUBJECT ADDED ENTRY--TOPICAL TERM |
| Topical term or geographic name entry element |
Natural selection |
| 650 #0 - SUBJECT ADDED ENTRY--TOPICAL TERM |
| Topical term or geographic name entry element |
Human evolution |
| 650 #0 - SUBJECT ADDED ENTRY--TOPICAL TERM |
| Topical term or geographic name entry element |
Cognitive psychology |
| 650 #0 - SUBJECT ADDED ENTRY--TOPICAL TERM |
| Topical term or geographic name entry element |
Neuropsychology |
| 650 #4 - SUBJECT ADDED ENTRY--TOPICAL TERM |
| Topical term or geographic name entry element |
Neuropsykologi |
| 650 #4 - SUBJECT ADDED ENTRY--TOPICAL TERM |
| Topical term or geographic name entry element |
Kognitiv psykologi |
| 653 ## - INDEX TERM--UNCONTROLLED |
| Uncontrolled term |
ფსიქოლოგია |
| 653 ## - INDEX TERM--UNCONTROLLED |
| Uncontrolled term |
კოგნიტური ფსიქოლოგია |
| 653 ## - INDEX TERM--UNCONTROLLED |
| Uncontrolled term |
ნეიროფსიქოლოგია |
| 887 ## - NON-MARC INFORMATION FIELD |
| Content of non-MARC field |
{"@id":"zg81z59901dvhr5","modified":"2014-11-06T09:10:43+01:00","checksum":"100469691046"} |
| Source of data |
librisxl |
| 887 ## - NON-MARC INFORMATION FIELD |
| Content of non-MARC field |
{"@id":"sx3pqvbz2t0v9n0","modified":"2014-11-06T09:09:20+01:00","checksum":"54584092626"} |
| Source of data |
librisxl |
| 887 ## - NON-MARC INFORMATION FIELD |
| Content of non-MARC field |
{"@id":"tz4qrwd00xvjffk","modified":"2014-11-06T09:09:08+01:00","checksum":"40558832372"} |
| Source of data |
librisxl |
| 887 ## - NON-MARC INFORMATION FIELD |
| Content of non-MARC field |
{"@id":"w16stzg24kz9cw9","modified":"2014-08-13T14:26:20+02:00","checksum":"36291157709"} |
| Source of data |
librisxl |
| 887 ## - NON-MARC INFORMATION FIELD |
| Content of non-MARC field |
{"@id":"x27tv0h3423gszc","modified":"2011-06-29T13:56:25+02:00","checksum":"48466721722"} |
| Source of data |
librisxl |
| 887 ## - NON-MARC INFORMATION FIELD |
| Content of non-MARC field |
{"@id":"15bxz3l64f1hbwn","modified":"2018-06-05T17:41:30.659+02:00","checksum":"45581112062"} |
| Source of data |
librisxl |
| 887 ## - NON-MARC INFORMATION FIELD |
| Content of non-MARC field |
{"@id":"z38vw1j4127zklb","modified":"2018-06-05T17:41:30.653+02:00","checksum":"40175763254"} |
| Source of data |
librisxl |
| 887 ## - NON-MARC INFORMATION FIELD |
| Content of non-MARC field |
{"@id":"049wx2k521xnspg","modified":"2014-08-01T13:12:27+02:00","checksum":"42363767584"} |
| Source of data |
librisxl |
| 942 ## - ADDED ENTRY ELEMENTS (KOHA) |
| Source of classification or shelving scheme |
|
| Koha item type |
Books |